000 00675nam a2200217 a 4500
001 000014857
005 20200929163917.0
008 100126s2009 dr a 001 0 spa d
020 _z97899454263129
040 _aDO-SdBNP
_bspa
_cBNPHU
082 _axxx
_bH344d
100 1 _aHasbún, Alexandra
_933665
245 1 3 _aEl dibujo humorístico :
_buna aproximación didáctica /
_cAlexandra Hasbún.
260 _aSanto Domingo :
_bAPEC,
_c2009.
300 _a61 p. :
_bil. ;
_c22 cm.
490 1 _aUNAPEC por un mundo mejor
490 1 _aArtes y comunicación
_v3
830 0 _aUNAPEC por un mundo mejor
_922883
830 0 _aArtes y comunicación
_n3
_933666
049 _aBNPD
999 _c14437
_d14437